Côn trùng, nhện gây hại cây ăn trái tại Việt Nam và thiên địch = Insect, mite pests of fruit trees in Vietnam and their natural enemies

Nội dung tài liệu trình bày về thành phần loài côn trùng, nhện gây hại và thiên địch trên 28 loại cây ăn trái nhiệt đới tại Việt Nam, cùng các thông tin về đặc điểm hình thái, sinh học, sự gây hại, triệu chứng và các biện pháp quản lý dịc...

Ausführliche Beschreibung

Gespeichert in:
Bibliographische Detailangaben
1. Verfasser: Nguyễn, Thị Thu Cúc
Format: Buch
Sprache:Undetermined
Veröffentlicht: Cần Thơ Đại học Cần Thơ 2015
Schlagworte:
Tags: Tag hinzufügen
Keine Tags, Fügen Sie den ersten Tag hinzu!
Thư viện lưu trữ: Trung tâm Học liệu Trường Đại học Cần Thơ
LEADER 01382nam a2200253Ia 4500
001 CTU_204590
008 210402s9999 xx 000 0 und d
020 |c 600000 
082 |a 634.0497 
082 |b C506 
100 |a Nguyễn, Thị Thu Cúc 
245 0 |a Côn trùng, nhện gây hại cây ăn trái tại Việt Nam và thiên địch = 
245 0 |b Insect, mite pests of fruit trees in Vietnam and their natural enemies 
245 0 |c Nguyễn Thị Thu Cúc 
260 |a Cần Thơ 
260 |b Đại học Cần Thơ 
260 |c 2015 
520 |a Nội dung tài liệu trình bày về thành phần loài côn trùng, nhện gây hại và thiên địch trên 28 loại cây ăn trái nhiệt đới tại Việt Nam, cùng các thông tin về đặc điểm hình thái, sinh học, sự gây hại, triệu chứng và các biện pháp quản lý dịch hại theo hướng tổng hợp và an toàn sinh thái 
526 |a Thâm cứu giám định sâu hại cây trồng 
526 |b NN619 
650 |a Pests,Fruit trees,Côn trùng gây hại,Cây ăn quả 
650 |x Control,Diseases and pests,Kiểm soát,Bệnh và côn trùng gây hại 
904 |i Bằng 
980 |a Trung tâm Học liệu Trường Đại học Cần Thơ